000 00404cam a22001337a 4500
008 180718b1987 xxu||||| |||| 00| 0 eng d
082 _aAPPPA 86-87 AGA
100 _aAga, R.N.
245 _aEconomy of railway: contribution of rolling stock
_cby R.N. Aga
260 _aNew Delhi
_bIndian Institute of Public Administration
_c1987
300 _a99p.
650 _aRolling stock
650 _aEconomy-Railway
999 _c501443
_d501443